Deutsche Städte mit angrenzendem gleichnamigen Landkreis - Statistiken

Allgemein
  • Dieses Quiz wurde 93 mal gespielt
  • Das Durchschnittsergebnis liegt bei 25 aus 36
Antwortstatistiken
BL kreisfreie Stadt % Korrekt
RP Mainz
86%
BY München
86%
BY Nürnberg
85%
BY Regensburg
84%
HE Kassel
83%
BY Bayreuth
81%
BB Potsdam
81%
BY Würzburg
81%
MV Rostock
79%
RP Koblenz
78%
BY Fürth
76%
BY Augsburg
75%
BY Bamberg
75%
BY Erlangen
73%
HE Darmstadt
71%
HE Offenbach
71%
RP Trier
70%
BY Hof
69%
BW Karlsruhe
69%
NI Oldenburg
69%
SH Flensburg
68%
RP Kaiserslautern
68%
BY Passau
68%
BY Rosenheim
68%
TH Weimar
68%
SN Leipzig
66%
BY Aschaffenburg
65%
BY Ansbach
63%
NI Osnabrück
63%
BY Landshut
61%
BY Amberg
59%
RP Worms
59%
BW Heilbronn
58%
BY Schweinfurt
56%
BY Coburg
55%
BY Straubing
46%
Keine übereinstimmenden Quizze gefunden
Verteilung der Resultate
Anzahl Personen mit jedem Resultat
Perzentil nach korrekt beantworteten Fragen
Ihre Resultats-Entwicklung
Sie haben dieses Quiz noch nicht gespielt